000 00390nam a2200145Ia 4500
008 220217s9999||||xx |||||||||||||| ||und||
020 _a9780070260641
082 _a621.47 SUK
100 _aSukhatme S.P and Nayak J.K
245 0 _aSolar energy
250 _a3rd
260 _aMcgraw hill book company
_bNew Delhi
_c2013
300 _aXX, 431p.
_b415
650 _aENERGY CONVERSION
999 _c184884
_d184884